|
|
|
|
| LEADER |
00763cam a2200265 7i4500 |
| 001 |
0000036790 |
| 005 |
20220413090000.0 |
| 007 |
ta |
| 008 |
220303t2008 eng |
| 020 |
|
|
|a 9780142414934
|
| 040 |
|
|
|a MATR
|
| 090 |
0 |
0 |
|a FI 813.6
|b GRE
|
| 100 |
1 |
|
|e Green, John
|e author
|
| 245 |
1 |
0 |
|a PAPER TOWNS
|c John Green.
|
| 264 |
|
0 |
|a New York:
|b Speak,
|c 2012.
|
| 300 |
|
|
|a 305 pages;
|c cm.
|
| 336 |
|
|
|a text
|2 rdacontent
|
| 337 |
|
|
|a unmediated
|2 rdamedia
|
| 338 |
|
|
|a volume
|2 rdacarrier
|
| 500 |
|
|
|a Screen adaption
|
| 650 |
|
0 |
|a English fiction
|
| 650 |
|
0 |
|a Missing persons --
|x Fiction
|
| 650 |
|
0 |
|a Coming of age --
|x Fiction
|
| 650 |
|
0 |
|a Mystery and detective stories
|
| 999 |
|
|
|a B000041699
|b Book
|c Book
|e Business Information Centre
|